UBT Library

MOSBY'S MEDICAL, NURSING & ALLIED HEALTH DICITONARY (Record no. 20304)

000 -LEADER
fixed length control field 00324nam a22001337a 4500
008 - FIXED-LENGTH DATA ELEMENTS--GENERAL INFORMATION
fixed length control field 170712b xxu||||| |||| 00| 0 eng d
020 ## - INTERNATIONAL STANDARD BOOK NUMBER
International Standard Book Number 0801632277
041 ## - LANGUAGE CODE
Language code of text/sound track or separate title eng
080 ## - UNIVERSAL DECIMAL CLASSIFICATION NUMBER
Edition identifier 3RD
Universal Decimal Classification number 038
100 ## - Rafti
Rafti 23
101 ## - Shkurtesa
Shkurtesa FJA
245 ## - TITLE STATEMENT
Title MOSBY'S MEDICAL, NURSING & ALLIED HEALTH DICITONARY
Statement of responsibility, etc GLANZE, W.D
942 ## - ADDED ENTRY ELEMENTS (KOHA)
Source of classification or shelving scheme
Item type Books
Holdings
Withdrawn status Lost status Source of classification or shelving scheme Damaged status Not for loan Collection code Permanent location Current location Shelving location Date acquired Total Checkouts Full call number Barcode Date last seen Price effective from Koha item type
          Koleksioni i përgjithshem UBT - Lipjan UBT - Lipjan Koleksioni i përgjithshem 07/12/2017   038 GLA 002-2915215 07/12/2017 07/12/2017 Books
UBT Library © 2015-2024. All rights reserved University Education for Business and Technology